[Event "KP 2024/25,Lazne Belohrad-SK Lomnice"]
[Site "?"]
[Date "2024.10.20"]
[Round "1.1"]
[White "Kykal, Vojtech"]
[Black "Novotny, Jaroslav"]
[Result "0-1"]
[WhiteElo "2027"]
[BlackElo "2156"]
[Annotator "user"]
[PlyCount "84"]
[EventDate "2024.??.??"]
[TimeControl "240+2"]

{587MB} 1. c4 {[%emt 0:00:00]} e6 2. Nc3 d5 3. d4 Nf6 4. Nf3 Nbd7 5. cxd5 exd5
6. Bf4 c6 7. e3 Be7 8. Bd3 Nh5 9. Bg3 g6 10. Qc2 Ndf6 11. Be5 Ng7 12. h3 Bf5
13. Bxf5 Nxf5 14. O-O-O O-O 15. g4 Ng7 16. Rdg1 Qd7 17. Bxf6 Bxf6 18. h4 h5 19.
gxh5 Nxh5 20. Ne2 Kg7 21. Nf4 Rh8 22. Ne5 Bxe5 23. dxe5 Nxf4 24. exf4 Rh5 25.
Rg5 Rah8 26. Rhg1 Rxg5 27. hxg5 Rh4 28. Qc3 d4 29. Qg3 Rh3 30. Qg2 Qf5 31. Rd1
Qxf4+ 32. Kb1 Rh4 33. f3 Qxe5 34. Qd2 Qf5+ 35. Ka1 Qxf3 36. a3 c5 37. Re1 Rh1
38. Rxh1 Qxh1+ 39. Ka2 Qd5+ 40. Ka1 d3 41. Kb1 Qd4 42. b3 b5 0-1

[Event "KP 2024/25,Lazne Belohrad-SK Lomnice"]
[Site "?"]
[Date "2024.10.20"]
[Round "1.2"]
[White "Blazek, Dusan"]
[Black "Korinek, Pavel"]
[Result "1/2-1/2"]
[WhiteElo "2092"]
[BlackElo "1972"]
[Annotator "user"]
[PlyCount "37"]
[EventDate "2024.??.??"]
[TimeControl "240+2"]

{587MB} 1. Nf3 Nf6 2. b3 b6 3. Bb2 Bb7 4. e3 e6 5. c4 c5 6. Nc3 Be7 7. Be2 O-O
8. O-O d6 {(=)} 9. d4 Nbd7 10. Rc1 a6 11. Qc2 Qc7 12. Rfd1 Rfd8 13. h3 Rac8 14.
Ne1 Qb8 15. Qb1 Qa8 {(=)} 16. Bf3 Bf8 17. a4 cxd4 18. exd4 d5 19. Ne2 1/2-1/2

[Event "KP 2024/25,Lazne Belohrad-SK Lomnice"]
[Site "?"]
[Date "2024.10.20"]
[Round "1.3"]
[White "Dupenopulos, Karel"]
[Black "Volman, Vaclav"]
[Result "1/2-1/2"]
[WhiteElo "1868"]
[BlackElo "1970"]
[Annotator "user"]
[PlyCount "80"]
[EventDate "2024.??.??"]
[TimeControl "240+2"]

{587MB} 1. d4 d5 2. Nf3 Nf6 3. c4 e6 4. Nc3 c6 5. cxd5 exd5 6. Bg5 Be7 7. e3
Bf5 8. Bd3 Bxd3 9. Qxd3 Nbd7 10. O-O O-O 11. a3 a5 12. Rfb1 a4 13. b4 b5 14.
Bxf6 Bxf6 15. Rc1 Nb6 16. Nd2 Nc4 17. Nxc4 dxc4 18. Qf5 Qc8 19. Qf3 Rb8 20. Ne4
Be7 21. Ra2 Rd8 22. Nc3 Qe6 23. Qe4 Qxe4 24. Nxe4 f5 25. Nc3 Bf6 26. g3 Rd7 27.
Kg2 Re8 28. h4 Kf7 29. Ne2 g6 30. Rac2 h6 31. Rh1 Rh8 32. Kf3 Rdd8 33. Rcc1 g5
34. hxg5 hxg5 35. Nc3 Kg6 36. Rcg1 Rde8 37. Ne2 Rd8 38. Nc3 Rxh1 39. Rxh1 Rd7
40. Ne2 Rd8 1/2-1/2

[Event "KP 2024/25,Lazne Belohrad-SK Lomnice"]
[Site "?"]
[Date "2024.10.20"]
[Round "1.4"]
[White "Blaha, Milan"]
[Black "Marhold, Vojtech"]
[Result "0-1"]
[WhiteElo "1959"]
[BlackElo "1728"]
[Annotator "user"]
[PlyCount "56"]
[EventDate "2024.??.??"]
[TimeControl "240+2"]

{587MB} 1. d4 Nf6 2. Nf3 d5 3. c4 e6 4. Nc3 Bb4 5. e3 O-O 6. Bd3 dxc4 7. Bxc4
b6 8. O-O Bb7 9. Qe2 Nbd7 10. a3 Bxc3 11. bxc3 Ne4 12. Bb2 c5 13. Bd3 Ndf6 14.
Ne5 Nd7 15. f3 Nef6 16. Nxd7 Nxd7 17. e4 Qe7 18. f4 Rfd8 19. Rf3 Nf8 20. Rg3
Ng6 21. Re1 Nxf4 22. Qg4 Ng6 23. Rf1 cxd4 24. cxd4 Qh4 25. Qf3 f5 26. Rh3 Bxe4
27. Qe3 Qg4 28. Be2 Qxg2# 0-1

[Event "KP 2024/25,Lazne Belohrad-SK Lomnice"]
[Site "?"]
[Date "2024.10.20"]
[Round "1.5"]
[White "Groh, Ladislav"]
[Black "Spinka, Petr"]
[Result "0-1"]
[WhiteElo "1825"]
[BlackElo "1960"]
[Annotator "user"]
[PlyCount "60"]
[EventDate "2024.??.??"]
[TimeControl "240+2"]

{587MB} 1. Nf3 d5 2. d4 Nf6 3. Bf4 c6 4. e3 Qb6 5. b3 Bg4 6. Bd3 e6 7. O-O Nbd7
8. Nbd2 Bb4 9. c4 c5 10. Qc2 Bxd2 11. dxc5 Qxc5 12. Qxd2 Bxf3 13. gxf3 e5 14.
Bg3 h5 15. h4 Rd8 16. Qb2 Rg8 17. Bxe5 dxc4 18. Bd4 Qc6 19. Be2 g5 20. Rac1
gxh4+ 21. Kh1 Qe6 22. Kh2 cxb3 23. Bc4 Qd6+ 24. Kh3 Rg3+ 25. Kxh4 Rxf3 26. Rg1
Qh2+ 27. Kg5 Ne4+ 28. Kh6 Qd6+ 29. Kh7 Ndf6+ 30. Kg7 Qf8# 0-1

[Event "KP 2024/25,Lazne Belohrad-SK Lomnice"]
[Site "?"]
[Date "2024.10.20"]
[Round "1.6"]
[White "Laska, Tomas"]
[Black "Kykal, Zbynek"]
[Result "1-0"]
[WhiteElo "1884"]
[BlackElo "1852"]
[Annotator "user"]
[PlyCount "43"]
[EventDate "2024.??.??"]
[TimeControl "240+2"]

{587MB} 1. e4 c6 2. d4 d5 3. Nc3 dxe4 4. Nxe4 Bf5 5. Ng3 Bg6 6. Nf3 Nf6 7. h4
h6 8. Ne5 Bh7 9. Bc4 e6 10. Qe2 Nd5 11. c3 Be7 12. Qg4 Bf6 13. Nh5 Bxe5 14.
dxe5 g6 15. Bxd5 gxh5 16. Qg7 Ke7 17. Bxh6 Qg8 18. Qf6+ Ke8 19. Bg5 Kf8 20.
Bxe6 Bg6 21. O-O-O Na6 22. Qe7+ 1-0

[Event "KP 2024/25,Lazne Belohrad-SK Lomnice"]
[Site "?"]
[Date "2024.10.20"]
[Round "1.7"]
[White "Pochop, Karel"]
[Black "Pospisil, Jiri"]
[Result "0-1"]
[WhiteElo "1837"]
[BlackElo "1837"]
[Annotator "user"]
[PlyCount "100"]
[EventDate "2024.??.??"]
[TimeControl "240+2"]

{587MB} 1. Nf3 c5 2. b3 e6 3. e3 Nc6 4. Bb2 Nf6 5. Bb5 Be7 6. Bxc6 bxc6 7. d3
O-O 8. Nbd2 d6 9. Qe2 a5 10. a4 Nd5 11. Nc4 Ba6 12. Nfd2 Nb4 13. Rc1 f5 14. O-O
Bf6 15. f4 Bxb2 16. Nxb2 Na2 17. Rce1 d5 18. Ra1 Nc3 19. Qe1 Qf6 20. Nf3 Ne2+
21. Qxe2 Qxb2 22. Ne5 Qc3 23. Rfd1 Rac8 24. Qd2 Qxd2 25. Rxd2 Rfd8 26. Rad1 Kf8
27. Kf2 Ke7 28. Kf3 Kf6 29. g4 g5 30. h4 gxf4 31. exf4 fxg4+ 32. Nxg4+ Ke7 33.
Re1 c4 34. f5 Rd6 35. dxc4 h5 36. Ne3 Rf8 37. cxd5 cxd5 38. Nxd5+ Kd8 39. Nf4
Rxd2 40. Nxe6+ Ke7 41. Nc5+ Kf7 42. Nxa6 Rc8 43. b4 Rcxc2 44. Kf4 axb4 45. Nxb4
Rc4+ 46. Re4 Rdd4 47. Rxd4 Rxd4+ 48. Kg5 Rxb4 49. a5 Ra4 50. Kxh5 Kf6 0-1

[Event "KP 2024/25,Lazne Belohrad-SK Lomnice"]
[Site "?"]
[Date "2024.10.20"]
[Round "1.8"]
[White "Hyska, Pavel"]
[Black "Kopysov, Filip"]
[Result "1-0"]
[WhiteElo "1859"]
[BlackElo "1280"]
[Annotator "user"]
[PlyCount "75"]
[EventDate "2024.??.??"]
[TimeControl "240+2"]

{587MB} 1. e4 e5 2. Nf3 Nc6 3. Nc3 Nf6 4. d4 Bd6 5. Bb5 exd4 6. Nxd4 Nxd4 7.
Qxd4 O-O 8. Bg5 c6 9. Qxd6 cxb5 10. O-O h6 11. Bxf6 gxf6 12. Nxb5 Qb6 13. Qxb6
axb6 14. Nd6 Ra4 15. f3 Rd4 16. Rfd1 Rb4 17. b3 f5 18. c3 Rb5 19. Nxb5 d6 20.
Nxd6 Be6 21. Nxf5 Kh7 22. Nd6 Rg8 23. Kf2 Kg6 24. Nxb7 f5 25. Rd6 Kf6 26. Nd8
Ke7 27. Rxe6+ Kxd8 28. exf5 Kc7 29. Rd1 h5 30. f6 Rg5 31. c4 Rf5 32. Rd5 Rxd5
33. cxd5 Kb7 34. f7 h4 35. f8=Q Ka6 36. Qd6 Ka7 37. Qxb6+ Ka8 38. Re8# 1-0

[Event "KP 2024/25,Panda RK B-TJ Hronov"]
[Site "Rychnov nad Kněžnou, Czech "]
[Date "2024.10.20"]
[Round "1.1"]
[White "Horak, Jan"]
[Black "Velecky, Viktor"]
[Result "1-0"]
[WhiteElo "2110"]
[BlackElo "2085"]
[PlyCount "57"]
[EventDate "2024.??.??"]

1. d4 d5 2. Nf3 Nf6 3. g3 h6 4. Bg2 c6 5. c4 dxc4 6. O-O Be6 7. Qc2 Nbd7 8. a4
Rc8 9. e4 g5 10. Rd1 Bg7 11. Na3 a6 12. h4 g4 13. Nh2 Nb6 14. a5 Na8 15. Nxc4
h5 16. Bg5 O-O 17. Nf1 Bxc4 18. Qxc4 Qd7 19. Bxf6 exf6 20. Qc5 f5 21. Ne3 fxe4
22. Nf5 Rce8 23. Nxg7 Kxg7 24. Qg5+ Kh8 25. Qxh5+ Kg8 26. Qg5+ Kh8 27. Qf6+ Kg8
28. d5 Qe7 29. Qf5 1-0

[Event "KP 2024/25,Panda RK B-TJ Hronov"]
[Site "Rychnov nad Kněžnou, Czech "]
[Date "2024.10.20"]
[Round "1.3"]
[White "Kroulik, Vaclav"]
[Black "Prochazka, Jan"]
[Result "1/2-1/2"]
[WhiteElo "1976"]
[BlackElo "1873"]
[PlyCount "51"]
[EventDate "2024.??.??"]

1. e4 e5 2. Nf3 Nc6 3. Bc4 Nf6 4. Ng5 Bc5 5. Nxf7 Bxf2+ 6. Kf1 Qe7 7. Nxh8 d5
8. Nc3 dxc4 9. Nd5 Nxd5 10. exd5 Nd4 11. Qh5+ g6 12. Nxg6 hxg6 13. Qxg6+ Kd8
14. Qg8+ Kd7 15. c3 Qf6 16. cxd4 Bxd4+ 17. Ke1 Qf2+ 18. Kd1 Kd6 19. Qd8+ Kc5
20. Qxc7+ Kxd5 21. Qd8+ Kc6 22. Qe8+ Kd6 23. Qg6+ Be6 24. Qg3 Qf7 25. Qf3 Qg7
26. Qg3 1/2-1/2

[Event "KP 2024/25,Panda RK B-TJ Hronov"]
[Site "Rychnov nad Kněžnou, Czech "]
[Date "2024.10.20"]
[Round "1.4"]
[White "Vagner, Patrik"]
[Black "Zelbova, Lada"]
[Result "1/2-1/2"]
[WhiteElo "1801"]
[BlackElo "1959"]
[Annotator "user"]
[PlyCount "47"]
[EventDate "2024.??.??"]

{[%evp 0,47,32,32,34,-14,46,46,46,31,31,31,31,40,55,47,38,57,40,40,41,40,18,39,
39,20,42,17,12,10,7,7,7,7,7,5,9,2,2,-11,-2,3,2,2,-1,-6,13,-20,-8,-8]} 1. d4 Nf6
2. c4 g6 3. Nc3 Bg7 4. e4 d6 5. Nf3 O-O 6. Be2 e5 7. dxe5 dxe5 8. Qxd8 Rxd8 9.
Bg5 c6 10. O-O Bg4 11. Rfd1 Na6 12. Be3 b6 13. a3 Bxf3 14. Bxf3 Nc5 15. Bxc5
bxc5 16. Rxd8+ Rxd8 17. Rd1 Rd4 18. b3 h5 19. Kf1 Kf8 20. Ke1 Ke7 21. Ne2 Rxd1+
22. Kxd1 a5 23. Nc3 Kd6 24. Kc2 1/2-1/2

[Event "KP 2024/25,Panda RK B-TJ Hronov"]
[Site "Rychnov nad Kněžnou, Czech "]
[Date "2024.10.20"]
[Round "1.5"]
[White "Kacirek, Pavel"]
[Black "Franc, Martin Frantisek"]
[Result "0-1"]
[WhiteElo "1966"]
[BlackElo "1811"]
[PlyCount "58"]
[EventDate "2024.??.??"]

1. d4 Nf6 2. c3 e6 3. Nd2 d5 4. e3 Be7 5. f4 Nbd7 6. Bd3 O-O 7. Ngf3 b6 8. Ne5
Bb7 9. Qc2 c5 10. O-O a5 11. b3 Qc7 12. Rf3 Rfc8 13. Rg3 Nf8 14. c4 Ba6 15.
Ndf3 h6 16. Rh3 Bb7 17. Nd2 Rd8 18. Bb2 Rac8 19. g4 cxd4 20. exd4 Bb4 21. g5
Bxd2 22. gxf6 Bxf4 23. fxg7 Ng6 24. Kf2 Nxe5 25. dxe5 Qc5+ 26. Kf3 Bg5 27. Kg4
dxc4 28. bxc4 Rd4+ 29. Kh5 Bf3+ 0-1

[Event "KP 2024/25,Panda RK B-TJ Hronov"]
[Site "?"]
[Date "2024.10.20"]
[Round "1.6"]
[White "Gorecki, Janusz"]
[Black "Novotny, Josef"]
[Result "0-1"]
[WhiteElo "1771"]
[BlackElo "1933"]
[PlyCount "90"]
[EventDate "2024.??.??"]
[SourceVersionDate "2024.10.20"]

1. e4 e6 2. d4 d6 3. c4 Nf6 4. Nc3 Be7 5. Be2 O-O 6. Be3 Nc6 7. Nf3 Ng4 8. Qd2
Nxe3 9. fxe3 Bf6 10. O-O-O g6 11. Kb1 Bg7 12. Rhf1 a6 13. h4 h6 14. g4 b5 15.
g5 h5 16. Rc1 Na5 17. cxb5 axb5 18. Nxb5 c6 19. Nc3 Ba6 20. Bxa6 Rxa6 21. Qe2
Qa8 22. Nd2 d5 23. e5 Rb8 24. Qd3 Ra7 25. Rf2 c5 26. dxc5 Nc6 27. Rxf7 Rxf7 28.
Qxg6 Nxe5 29. Qxe6 Re8 30. Qxd5 Qxd5 31. Nxd5 Nc6 32. Nc4 Rf2 33. Nf4 Re4 34.
Nxh5 Rxh4 35. Nxg7 Kxg7 36. a3 Rhh2 37. b4 Ne5 38. c6 Nxc6 39. Rd1 Rh4 40. Rc1
Rhh2 41. Rd1 Na7 42. Ne5 Nb5 43. Rd7+ Kf8 44. Rd8+ Ke7 45. Nc6+ Ke6 0-1

[Event "KP 2024/25,Panda RK B-TJ Hronov"]
[Site "?"]
[Date "2024.10.20"]
[Round "1.7"]
[White "Daniel, Jiri"]
[Black "Hyhlan, Jaroslav"]
[Result "1-0"]
[WhiteElo "1913"]
[BlackElo "1893"]
[PlyCount "81"]
[EventDate "2024.??.??"]
[SourceVersionDate "2024.10.20"]

1. b3 d5 2. Bb2 Nf6 3. Nf3 Bf5 4. e3 e6 5. d3 c5 6. Nbd2 Nc6 7. Be2 Bd6 8. h3
Qc7 9. Nh4 Bg6 10. f4 d4 11. Nc4 Bxf4 12. exf4 Qxf4 13. Nf3 Qg3+ 14. Kf1 b5 15.
Na3 Nd5 16. Bc1 a6 17. Qe1 Qd6 18. Qf2 O-O 19. Bd2 f5 20. Nb1 b4 21. a3 a5 22.
Nh4 f4 23. Ra2 Ne3+ 24. Kg1 e5 25. Nxg6 Qxg6 26. Bf3 Qe6 27. Be4 Nd5 28. Qf3
Nce7 29. Kh2 Rad8 30. a4 Nf5 31. Be1 Nde3 32. Nd2 g5 33. Nc4 Rf7 34. Bf2 Kg7
35. Nxa5 Rf6 36. Nc4 Rdf8 37. Bxe3 Nxe3 38. a5 g4 39. hxg4 Qxg4 40. Qxg4+ Nxg4+
41. Kg1 1-0

[Event "KP 2024/25,Panda RK B-TJ Hronov"]
[Site "?"]
[Date "2024.10.20"]
[Round "1.8"]
[White "Cap, Jaroslav"]
[Black "Dvorak, Milan"]
[Result "1/2-1/2"]
[WhiteElo "1812"]
[BlackElo "1883"]
[Annotator "Milan"]
[PlyCount "45"]
[EventDate "2024.??.??"]
[SourceVersionDate "2024.10.20"]

{[%evp 0,14,16,28,38,44,16,8,24,-1,5,10,9,16,20,-3,-3]} 1. e4 e5 2. Nf3 Nc6 3.
Bb5 a6 4. Ba4 Nf6 5. O-O b5 6. Bb3 Be7 7. Re1 O-O 8. c3 d5 9. exd5 Nxd5 10.
Nxe5 Nxe5 11. Rxe5 c6 12. Bxd5 cxd5 13. d4 Bd6 14. Re1 Qh4 15. g3 Qh3 16. Qf3
Bg4 17. Qxd5 Rad8 18. Qg2 Qh5 19. Nd2 Rde8 20. Re3 Bh3 21. Qf3 Bg4 22. Qg2 Bh3
23. Qf3 1/2-1/2

[Event "KP 2024/25,Panda RK B-TJ Hronov"]
[Site "Rychnov nad Kněžnou, Czech "]
[Date "2024.10.20"]
[Round "1.2"]
[White "Pinkava, Josef"]
[Black "Zelba, Lukas"]
[Result "0-1"]
[WhiteElo "1898"]
[BlackElo "2060"]
[PlyCount "102"]
[EventDate "2024.??.??"]

1. e4 e6 2. d4 d5 3. exd5 exd5 4. Bd3 Bd6 5. Nf3 Nc6 6. c3 Nge7 7. O-O Bg4 8.
Re1 Qd7 9. Nbd2 O-O-O 10. b4 Ng6 11. a4 Nf4 12. Bf1 g5 13. a5 f6 14. b5 Nb8 15.
Qb3 Bh3 16. gxh3 g4 17. c4 gxf3 18. Qxf3 Rhg8+ 19. Kh1 h5 20. cxd5 Qf5 21. Ne4
Qg6 22. Bc4 Ng2 23. Nxd6+ cxd6 24. Rg1 Nh4 25. Rxg6 Nxf3 26. Rxg8 Rxg8 27. Bf4
Kd7 28. Rd1 Re8 29. Bd3 Nxd4 30. Bg6 Nxb5 31. Bxe8+ Kxe8 32. Rc1 Nd7 33. Kg2 b6
34. axb6 Nxb6 35. Be3 Nxd5 36. Ra1 Kf7 37. Bxa7 Ke6 38. Kf3 Ne7 39. Re1+ Kf7
40. Be3 Ng6 41. Ke4 Ke6 42. Rg1 d5+ 43. Kd3 Ne5+ 44. Ke2 d4 45. Bd2 d3+ 46. Kd1
Kf5 47. Rg8 Nd4 48. Rd8 Ndf3 49. Rd6 Nxd2 50. Rxd3 Nxd3 51. Kxd2 Nxf2 0-1

[Event "KP 2024/25,SK Jicin B-Jiskra Jaromer"]
[Site "?"]
[Date "2024.10.20"]
[Round "1.1"]
[White "Urban, Zdenek"]
[Black "Cech, Pavel"]
[Result "1/2-1/2"]
[WhiteElo "2150"]
[BlackElo "2335"]
[PlyCount "39"]
[EventDate "2024.??.??"]

1. d4 d5 2. c4 c6 3. Nf3 Nf6 4. Nc3 dxc4 5. a4 Bf5 6. e3 e6 7. Bxc4 Bb4 8. O-O
O-O 9. h3 h6 10. Bd3 Bxd3 11. Qxd3 Nbd7 12. Rd1 Qa5 13. Bd2 e5 14. dxe5 Nxe5
15. Nxe5 Qxe5 16. Ne4 Rfd8 17. Nxf6+ Qxf6 18. Qc2 Bxd2 19. Rxd2 Rxd2 20. Qxd2
1/2-1/2

[Event "KP 2024/25,SK Jicin B-Jiskra Jaromer"]
[Site "?"]
[Date "2024.10.20"]
[Round "1.2"]
[White "Hubka, Lubos"]
[Black "Sadek, Vojtech"]
[Result "1-0"]
[WhiteElo "1986"]
[BlackElo "2000"]
[PlyCount "87"]
[EventDate "2024.??.??"]

1. e4 c5 2. Nf3 e6 3. d4 cxd4 4. Nxd4 a6 5. c4 Qc7 6. Nc3 Nf6 7. Bd3 b6 8. O-O
Bb7 9. Qe2 d6 10. Be3 Be7 11. f3 O-O 12. Rac1 Nbd7 13. Rfd1 Rac8 14. b3 Kh8 15.
Qf2 Rg8 16. Nde2 g5 17. Bd4 Bd8 18. Ng3 Ne5 19. Bf1 Nc6 20. Be3 Ne5 21. Na4
Nfd7 22. Bd4 b5 23. cxb5 Qxc1 24. Rxc1 Rxc1 25. Qd2 Rc8 26. bxa6 Bc6 27. Nb2 d5
28. b4 dxe4 29. Nxe4 Bxe4 30. fxe4 Bb6 31. Nc4 Bxd4+ 32. Qxd4 f6 33. Nb6 Nxb6
34. Qxb6 Rc6 35. Qb7 Rg7 36. Qb8+ Rg8 37. a7 Rcc8 38. Qb7 f5 39. b5 Rgf8 40.
exf5 exf5 41. Qd5 Ng4 42. h3 Rcd8 43. Qc5 Nf6 44. b6 1-0

[Event "KP 2024/25,SK Jicin B-Jiskra Jaromer"]
[Site "?"]
[Date "2024.10.20"]
[Round "1.3"]
[White "Pochinkov, Andrey"]
[Black "Prouza, Pavel"]
[Result "0-1"]
[WhiteElo "2024"]
[BlackElo "1947"]
[PlyCount "90"]
[EventDate "2024.??.??"]

1. Nf3 d5 2. d4 Nf6 3. e3 e6 4. Bd3 Nbd7 5. Nbd2 c5 6. c3 Bd6 7. O-O O-O 8. Re1
Qc7 9. e4 dxe4 10. Nxe4 Nxe4 11. Rxe4 h6 12. Rh4 f5 13. Qe2 Nf6 14. Ne5 Bxe5
15. dxe5 Nd7 16. f4 Qd8 17. Rh3 Qe7 18. g4 Qe8 19. gxf5 exf5 20. Bc4+ Kh7 21.
e6 Nb6 22. e7 Rf6 23. Bb5 Bd7 24. Bxd7 Qxd7 25. Re3 Re8 26. Bd2 Rg6+ 27. Kf2
Qd5 28. Rg1 Rxg1 29. Kxg1 Qf7 30. Re5 Nd7 31. Re6 Nf6 32. Qe5 Ng4 33. Qd6 Qh5
34. Re2 Nf6 35. Qe6 Qg4+ 36. Rg2 Qd1+ 37. Be1 Qd5 38. Qe3 Ne4 39. Qf3 Rxe7 40.
Qh5 Qf7 41. Qh3 Rd7 42. b3 Rd1 43. Kf1 c4 44. Qf3 Qd5 45. bxc4 Nd2+ 0-1

[Event "KP 2024/25,SK Jicin B-Jiskra Jaromer"]
[Site "?"]
[Date "2024.10.20"]
[Round "1.4"]
[White "Prouza, Tomas"]
[Black "Zakoucka, Adela"]
[Result "1-0"]
[WhiteElo "1939"]
[BlackElo "1939"]
[PlyCount "97"]
[EventDate "2024.??.??"]

1. e4 c5 2. Nc3 Nc6 3. g3 g6 4. Bg2 Bg7 5. Nge2 e6 6. O-O Nge7 7. d3 O-O 8. Bg5
h6 9. Be3 b6 10. Qd2 Kh7 11. f4 d5 12. Bf2 dxe4 13. Bxe4 Bb7 14. Rae1 Qd7 15.
Qc1 Nf5 16. Bg2 Ncd4 17. Ne4 Nxe2+ 18. Rxe2 Nd4 19. Re3 f5 20. Nd2 Bxg2 21.
Kxg2 Qd5+ 22. Kg1 Qxa2 23. c3 Nb3 24. Nxb3 Qxb3 25. Rfe1 Rfe8 26. R3e2 Qd5 27.
Qc2 Re7 28. Re3 Rae8 29. Qa4 Rd8 30. Qa6 Rdd7 31. Qa4 Bf6 32. Qd1 e5 33. fxe5
Rxe5 34. Rxe5 Bxe5 35. Qe2 Bf6 36. Qe8 Qxd3 37. Re6 Kg7 38. h4 f4 39. gxf4 Qd1+
40. Kh2 Qd2 41. Kg1 Rf7 42. f5 Qd1+ 43. Kh2 Qg4 44. Rxf6 Qf4+ 45. Bg3 Qd2+ 46.
Kh3 Rxf6 47. Qe7+ Rf7 48. Be5+ Kg8 49. Qe8+ 1-0

[Event "KP 2024/25,SK Jicin B-Jiskra Jaromer"]
[Site "?"]
[Date "2024.10.20"]
[Round "1.5"]
[White "Cernoch, Vit"]
[Black "Wenke, Oldrich"]
[Result "0-1"]
[WhiteElo "1973"]
[BlackElo "1945"]
[PlyCount "46"]
[EventDate "2024.??.??"]

1. e4 e5 2. Nc3 Nc6 3. f4 exf4 4. Nf3 g5 5. h3 Bg7 6. d4 d6 7. Bc4 h6 8. O-O
Nge7 9. Nd5 Nxd5 10. exd5 Ne7 11. c3 O-O 12. h4 Nf5 13. hxg5 hxg5 14. Bd3 Ng3
15. Nxg5 Qxg5 16. Bxf4 Qh4 17. Rf3 Qh1+ 18. Kf2 Qxd1 19. Rxd1 Nh5 20. Rh1 Bg4
21. Rfh3 Bxh3 22. Rxh3 Bxd4+ 23. cxd4 Nxf4 0-1

[Event "KP 2024/25,SK Jicin B-Jiskra Jaromer"]
[Site "?"]
[Date "2024.10.20"]
[Round "1.6"]
[White "Mares, Stepan"]
[Black "Rydl, Jan"]
[Result "1-0"]
[WhiteElo "1863"]
[BlackElo "1821"]
[PlyCount "47"]
[EventDate "2024.??.??"]

1. e4 e5 2. Bc4 Nf6 3. d3 d5 4. exd5 Nxd5 5. Nf3 Bg4 6. h3 Bxf3 7. Qxf3 c6 8.
O-O Na6 9. Re1 Bd6 10. Nc3 Nac7 11. Nxd5 Nxd5 12. Bxd5 cxd5 13. Qxd5 O-O 14.
Qxb7 Qa5 15. Be3 a6 16. b3 Qc3 17. Qd5 Rfd8 18. Bg5 Be7 19. Qxe5 Qxe5 20. Rxe5
Bd6 21. Re2 f6 22. Be3 Be5 23. Rd1 Rac8 24. c4 1-0

[Event "KP 2024/25,SK Jicin B-Jiskra Jaromer"]
[Site "?"]
[Date "2024.10.20"]
[Round "1.7"]
[White "Kordik, Jan"]
[Black "Reznicek, Premysl"]
[Result "1/2-1/2"]
[WhiteElo "1640"]
[BlackElo "1776"]
[Annotator "Urban"]
[PlyCount "80"]
[EventDate "2024.??.??"]

{[%evp 0,47,19,31,19,20,36,32,35,31,70,95,81,14,-4,10,12,22,47,22,25,2,1,1,37,
27,136,136,149,128,179,157,193,148,186,179,197,166,182,182,182,176,174,166,172,
161,162,150,188,189]} 1. d4 d5 2. Nc3 e6 3. e4 Bb4 4. e5 f6 5. Qg4 Qe7 6. f4
Nh6 7. Qh5+ Qf7 8. Qxf7+ Nxf7 9. a3 Ba5 10. b4 Bb6 11. Nf3 a5 12. b5 c5 13. Na4
Bd8 14. Nxc5 fxe5 15. fxe5 b6 16. Nd3 Bd7 17. a4 Be7 18. Ba3 Bxa3 19. Rxa3 O-O
20. h3 Rc8 21. Kd2 Ra7 22. g4 Rac7 23. c3 Be8 24. g5 Nd7 25. h4 Nf8 26. Bh3 Nd8
27. Bg4 Bg6 28. h5 Be4 29. Nf2 Bxf3 30. Bxf3 Rf7 31. Ke3 Rf5 32. Nh3 Rf7 33.
Nf4 Rfc7 34. Rc1 g6 35. h6 Nf7 36. Nh3 Nd7 37. Bg4 Nf8 38. Kd3 Rc4 39. Rf1
Nxe5+ 40. dxe5 Rxg4 1/2-1/2

[Event "KP 2024/25,SK Jicin B-Jiskra Jaromer"]
[Site "?"]
[Date "2024.10.20"]
[Round "1.8"]
[White "Kunes, Jiri"]
[Black "Vit, Jakubec"]
[Result "1-0"]
[WhiteElo "1849"]
[BlackElo "1491"]
[PlyCount "57"]
[EventDate "2024.??.??"]

1. e4 e5 2. Nf3 Nc6 3. Bb5 Nf6 4. O-O a6 5. Ba4 b5 6. Bb3 Bb7 7. c3 Na5 8. Bc2
c5 9. Re1 d6 10. d4 Qc7 11. a4 c4 12. Bg5 Be7 13. Nbd2 O-O 14. axb5 axb5 15.
Nf1 Rfd8 16. Ng3 h6 17. Bd2 Nc6 18. Nf5 Bf8 19. h3 Ne7 20. N3h4 Nxf5 21. Nxf5
exd4 22. cxd4 Re8 23. Rxa8 Bxa8 24. Qf3 d5 25. e5 Nd7 26. Qg4 Kh8 27. Re3 g6
28. Nh4 Qb6 29. Qxd7 1-0

[Event "KP 2024/25,SK Lipa B-SK Lipa C"]
[Site "?"]
[Date "2024.10.20"]
[Round "1.1"]
[White "Rokos, Filip"]
[Black "Fiedler, Bedrich"]
[Result "1/2-1/2"]
[WhiteElo "2157"]
[BlackElo "2076"]
[PlyCount "28"]
[EventDate "2024.??.??"]
[SourceVersionDate "2024.10.20"]

1. e4 c5 2. Nf3 d5 3. d4 cxd4 4. Nxd4 Nf6 5. Nc3 g6 6. Be3 Nc6 7. f3 h5 8. Qd2
Nxd4 9. Bxd4 Bh6 10. Be3 Bxe3 11. Qxe3 Be6 12. Bb5+ Kf8 13. Ba4 Qa5 14. O-O Rc8
1/2-1/2

[Event "KP 2024/25,SK Lipa B-SK Lipa C"]
[Site "?"]
[Date "2024.10.20"]
[Round "1.2"]
[White "Ruda, Ondrej"]
[Black "Szucs, Matyas"]
[Result "0-1"]
[WhiteElo "1996"]
[BlackElo "2098"]
[PlyCount "80"]
[EventDate "2024.??.??"]
[SourceVersionDate "2024.10.20"]

1. e4 c6 2. d4 d5 3. exd5 cxd5 4. Bd3 g6 5. c3 Nh6 6. Bf4 f6 7. h4 Nf7 8. h5 g5
9. Bxb8 Rxb8 10. Qc2 e5 11. Bxh7 e4 12. Bg6 Be6 13. Qa4+ Ke7 14. Qxa7 Nd6 15.
Qa3 f5 16. Nd2 Kf6 17. Qb3 Nc8 18. g3 Ne7 19. Nh3 Nxg6 20. hxg6 g4 21. O-O-O
gxh3 22. f4 exf3 23. Nxf3 Bd6 24. Rdg1 Qc7 25. Ne5 Bxe5 26. dxe5+ Kxg6 27. Qb4
Qxe5 28. Re1 Qf6 29. Rhf1 Rbf8 30. Kb1 Rf7 31. Qf4 h2 32. Qd6 Bd7 33. Qf4 d4
34. cxd4 Bc6 35. g4 h1=Q 36. Rg1 Be4+ 37. Ka1 Qhh4 38. gxf5+ Kh7 39. Qxe4 Qxe4
40. Rxe4 Qh6 0-1

[Event "KP 2024/25,SK Lipa B-SK Lipa C"]
[Site "?"]
[Date "2024.10.20"]
[Round "1.3"]
[White "Safarik, Jakub"]
[Black "Novak, Ludek"]
[Result "1-0"]
[WhiteElo "2081"]
[BlackElo "1941"]
[PlyCount "73"]
[EventDate "2024.??.??"]
[SourceVersionDate "2024.10.20"]

1. a3 g6 2. c4 Bg7 3. Qc2 c5 4. e3 Nc6 5. Nf3 Nf6 6. Be2 O-O 7. O-O b6 8. d3
Bb7 9. b3 d6 10. Bb2 e5 11. Nbd2 Rc8 12. Rac1 Qe7 13. Bc3 d5 14. cxd5 Nxd5 15.
Bb2 f5 16. Qb1 f4 17. e4 Nc7 18. b4 Nd4 19. Bd1 Nce6 20. Nxd4 cxd4 21. Bg4 h5
22. Bh3 Rxc1 23. Bxe6+ Qxe6 24. Rxc1 Rc8 25. Rxc8+ Qxc8 26. b5 Kh7 27. a4 Qc5
28. Bc1 Bc8 29. Nc4 Be6 30. Ba3 Qc8 31. Qb4 Kg8 32. Kf1 Bxc4 33. Qxc4+ Qxc4 34.
dxc4 Bf8 35. c5 bxc5 36. a5 Bd6 37. a6 1-0

[Event "KP 2024/25,SK Lipa B-SK Lipa C"]
[Site "?"]
[Date "2024.10.20"]
[Round "1.4"]
[White "Smid, Jaroslav"]
[Black "Sedivy, Martin"]
[Result "0-1"]
[WhiteElo "1928"]
[BlackElo "2104"]
[PlyCount "122"]
[EventDate "2024.??.??"]
[SourceVersionDate "2024.10.20"]

1. e4 c6 2. d4 d5 3. Nc3 dxe4 4. Nxe4 Bf5 5. Nc5 e5 6. Nb3 e4 7. Ne2 Bd6 8. Nf4
Nf6 9. h3 h5 10. Be2 g6 11. c3 Qc7 12. g3 h4 13. g4 Bxf4 14. gxf5 gxf5 15. Rg1
Nbd7 16. Bxf4 Qxf4 17. Qd2 Qxd2+ 18. Kxd2 Ke7 19. Rg5 f4 20. Rag1 e3+ 21. Kd3
exf2 22. Rf1 Rag8 23. Rxg8 Rxg8 24. Rxf2 Rg3+ 25. Rf3 Nh7 26. Kd2 Rxf3 27. Bxf3
Ng5 28. Bg2 b6 29. Kd3 f5 30. Nd2 c5 31. Nf3 Nxf3 32. Bxf3 Kd6 33. Bb7 cxd4 34.
cxd4 Nf8 35. Bc8 Ne6 36. Bxe6 Kxe6 37. Ke2 Kd5 38. Kf3 Kxd4 39. Kxf4 b5 40.
Kxf5 b4 41. Kg5 Kd3 42. Kxh4 Kc2 43. b3 Kb2 44. Kg4 Kxa2 45. h4 Kxb3 46. h5 Ka4
47. h6 b3 48. h7 b2 49. h8=Q b1=Q 50. Kg3 a5 51. Qd4+ Qb4 52. Qd7+ Ka3 53. Kh2
a4 54. Kh1 Ka2 55. Qf7+ Qb3 56. Qf2+ Qb2 57. Qf7+ Ka1 58. Qa7 a3 59. Qa6 a2 60.
Qa5 Qc1+ 61. Kh2 Kb1 0-1